Normal view
MARC view
Entry Personal Name
001 - CONTROL NUMBER
- control field: 29604
003 - CONTROL NUMBER IDENTIFIER
- control field: ARRUPE
005 - DATE AND TIME OF LATEST TRANSACTION
- control field: 20170404095337.0
008 - FIXED-LENGTH DATA ELEMENTS
- fixed length control field: 170404|| aca||aabn | a|a d
040 ## - CATALOGING SOURCE
- Original cataloging agency: ARRUPE
- Transcribing agency: ARRUPE
100 ## - HEADING--PERSONAL NAME
- Personal name: Beguiriztain, Justo
670 ## - SOURCE DATA FOUND
- Source citation: Work cat.: (ARRUPE)52058: Beguiriztain, Justo, The Eucharistic apostolate of St. Ignatius Loyola